Normal view
MARC view
- SUPERVISON Dr. Usman Akram
Entry Personal Name
001 - CONTROL NUMBER
- control field: 70710
003 - CONTROL NUMBER IDENTIFIER
- control field: NUST
005 - DATE AND TIME OF LATEST TRANSACTION
- control field: 20210628204535.0
008 - FIXED-LENGTH DATA ELEMENTS
- fixed length control field: 210628|| aca||aabn | a|a d
040 ## - CATALOGING SOURCE
- Original cataloging agency: NUST
- Transcribing agency: NUST
100 ## - HEADING--PERSONAL NAME
- Personal name: SUPERVISON Dr. Usman Akram
670 ## - SOURCE DATA FOUND
- Source citation: Work cat.: (NUST): Tanveer Ahmad 70709, TH-SOF-1066-Fundus Image Mosaic Generation For Large Field of View, 2014
